|
|
|
|
| LEADER |
00000nam a2200000 i 4500 |
| 001 |
1/43600 |
| 008 |
960221s1985 gre d |
| 035 |
|
|
|l 10025812
|
| 040 |
|
|
|a GR-MY-UA
|b gre
|e aacr
|
| 041 |
0 |
|
|a gre
|
| 082 |
0 |
|
|a 340.2
|
| 100 |
1 |
|
|a Γιόκαρης, Αγγελος Σ.
|
| 245 |
1 |
2 |
|a Η συγκριτική έρευνα στο δημόσιο διεθνές και στο ευρωπαικό κοινοτικό δίκαιο :
|b σημειώσεις πανεπιστημιακών παραδόσεων /
|c Αγγελος Σ.Γιόκαρης
|
| 260 |
|
|
|a Αθήνα, Κομοτηνή :
|b Σάκκουλα,
|c 1985
|
| 300 |
|
|
|a 78 σ.
|
| 500 |
|
|
|a περιλ.βιβλιογραφία
|
| 852 |
|
|
|a INST
|b CHIOS
|e 19960221
|h 340.2 ΓΙΟ
|p 005200002729
|q 005200002729
|t BK
|y 0
|
| 909 |
|
|
|a Χ
|b 018026
|